| 000 | 00594nam a2200193Ia 4500 | ||
|---|---|---|---|
| 003 | GCL | ||
| 008 | 140319s9999 xx 000 0 eng d | ||
| 040 |
_aGCL / _cGCL |
||
| 082 | 0 | 4 |
_a305.26 _bS A |
| 100 | 1 | _aSELBY, PHILIP | |
| 245 | 1 | 0 |
_a"L'ART DE BIEN VIEILLIR COMMENT SE PREPARIS A LA VIELLESSE SUR MONTER SES DIFFICULTIES ET PRENDRE SAIN D; UNE PERSONNE AGEE" / _cSELBY, PHILIP |
| 700 | 1 | _aGRIFFITHS, ADAIAN | |
| 260 |
_a[S.N] : _bEDITIONS EBORIS ، _c1995 |
||
| 300 | _a234 P | ||
| 650 | 0 | 4 | _aOLD AGE |
| 650 | 0 | 4 | _aAGED - PSYCHOLOGY |
| 650 | 0 | 4 | _aOLD AGE ASSISTANCE |
| 942 |
_2ddc _cBK |
||
| 999 |
_c13301 _d13301 |
||